| 000 | 00717nam a2200217 4500 | ||
|---|---|---|---|
| 999 |
_c170742 _d170742 |
||
| 005 | 20191224122807.0 | ||
| 010 | _aENG-127228 | ||
| 020 |
_a9789352872930 _c1225.00 |
||
| 035 | _aEN-110760 | ||
| 037 | _bDBAD/PUB | ||
| 082 | _a307.126 | ||
| 245 |
_aCompanion to planning in the global south / _ced. by Gautam Bhan, Smita Srinivas [and] Vanessa Watson |
||
| 260 |
_aHyderabad _bOrient Blackwan _c2018 |
||
| 270 |
_a3-6-752, Himayatnagar _bHyderabad, Telangana _e500029 _mcentraloffice@orientblackswan.com |
||
| 300 |
_axviii;396p. _c25cm(Hb) |
||
| 500 | _aIncludes index | ||
| 700 | _aBhan, Gautam | ||
| 700 | _aSrinivas, Smita | ||
| 700 | _aWatson, Vanessa | ||
| 942 |
_2ddc _cEN _h307.126 _mCOM |
||